000 00836nam a2200229 a 4500
005 20090623134444.0
008 070515s2007 enka b 001 0 eng
010 _aENG-94203
020 _a9780070090255
_c275.00
020 _a0070090254
_c275.00
035 _aEN-77736
037 _bDBAD / PUB
040 _adpl
_bEnglish
082 _a658.15
100 _aVishwanath, S.R.
245 _aCases in corporate finance /
_cby Vishwanat S. R.
260 _aNew Delhi
_bTata McGraw-Hill Publishing
_c2009
270 _a7 West Patel Nagar,
_bNew Delhi
_e110008
300 _axviii, 303p.
_c25cm(pbk)
942 _2ddc
_cEN
_mVIS
_h658.15
999 _c27796
_d27796